Текст томруулах:    
Education 98/99 (Бичлэгийн дугаар. 146168)
000 -УДИРДЛАГА
Удирдлага 00781nam a22002657a 4500
003 - ХЯНАЛТЫН ТОО ТОДОРХОЙЛОГЧ
Код MN-UlNUM
005 - БИЧИЛТ ХИЙСЭН ОГНОО
Тухайн бичилтийг бичсэн засварласан сүүлийн огноо 20260112170646.0
008 - ЕРӨНХИЙ МЭДЭЭЛЭЛ
Ерөнхий мэдээлэл 260112d1998 ctua|||| |||| 00| 0 eng |
020 ## - ISBN
ISBN 0697412806
040 ## - БИЧЛЭГ ҮҮСГЭГЧ БАЙГУУЛЛАГА
Бичлэг үүсгэгч номын сангийн код МУИС-ийн номын сан
084 ## - ББК АНГИЛАЛ
Нэмэлт тусгалт Бусад
ББК ангилал 74.58
Зохиогчийн гурван тэмдэгт E 25
Мэдлэгийн ялгаа 74 - Боловсрол
245 14 - ҮНДСЭН ГАРЧИГ
Номын нэр Education 98/99
Бага гарчгийн мэдээ Annual editions
Оролцогчдын тухай мэдээ editor Fred Schultz
260 ## - ГАРАЛТЫН МЭДЭЭ
Хэвлэгдсэн газар Guilford, Ct. :
Хэвлэлийн газар Dushkin Pub. Group,
Хэвлэгдсэн он 1998
300 ## - МАТЕРИАЛЫН ТОДОРХОЙЛОЛТ
хуудасны тоо 261p. :
500 ## - Тайлбар
Дансны дугаар БС 4950
546 ## - ХЭЛНИЙ ТУХАЙ МЭДЭЭ
Хэл Англи хэл дээр,
653 ## - Түлхүүр үг
Түлхүүр үг education
700 1# - ХАМ ЗОХИОГЧИД
Ба бус Schultz Fred
740 ## - НОМЫН ГАРЧИГ
Гарчиг How Others See Us and How We see ourselves
740 ## - НОМЫН ГАРЧИГ
Гарчиг Rethinking and Changing the Educative Effort
740 ## - НОМЫН ГАРЧИГ
Гарчиг Striving for Excellence: The Drive for Quality
740 ## - НОМЫН ГАРЧИГ
Гарчиг Morality and Values in Education
942 ## - ЭЛЕМЕНТИЙН ТӨРӨЛ
Зүйлийн төрөл Ном